[Event "Challenge"]
[Site "http://www.queenalice.com/game.php?id=770908"]
[Date "2010.5.5"]
[Round "-"]
[White "jvellame"]
[Black "veloso"]
[Result "1-0"]
[WhiteElo "1358"]
[BlackElo "1150"]

1. e4 Nc6 2. d3 d6 3. Nf3 Nf6 4. d4 g6 5. Nc3 b6 6. Bf4 Be6 7. d5 Bd7 8. dxc6
Bxc6 9. Bb5 Bxb5 10. Nxb5 Nxe4 11. Ng5 Nc5 12. Qd5 c6 13. Qxc6+ Qd7 14. Qxa8+
Qd8 15. Qxa7 Bh6 16. O-O Qd7 17. Qxb6 f6 18. Qb8+ Qd8 19. Qxd8+ Kxd8 20. Nf7+
Ke8 21. Nxh6 g5 22. Bg3 d5 23. Rfe1 d4 24. Bd6 Kf8 25. Rxe7 Na6 26. Rae1 f5 27.
R1e6 f4 28. Rf6# 1-0

[Event "Howdy2"]
[Site "http://www.queenalice.com/game.php?id=777905"]
[Date "2010.5.19"]
[Round "-"]
[White "jvellame"]
[Black "lgraham"]
[Result "1-0"]
[WhiteElo "1309"]
[BlackElo "1234"]

1. d4 d5 2. c4 dxc4 3. e4 Nc6 4. Nf3 e6 5. Bxc4 Bb4+ 6. Nc3 Nf6 7. Bf4 Nxe4 8.
d5 exd5 9. Qxd5 Qxd5 10. Bxd5 Nxc3 11. bxc3 Bxc3+ 12. Ke2 Bxa1 13. Rxa1 Nb4 14.
Bb3 c6 15. Bd6 a5 16. Ne5 Be6 17. Rd1 Bxb3 18. axb3 f6 19. Ng4 Kf7 20. Bxb4 axb4
21. Rd7+ Kg6 22. Rxb7 Rhe8+ 23. Kf3 h5 24. Ne3 c5 25. h4 Ra3 26. Kf4 Rxb3 27.
Nf5 Rg8 28. Ne7+ Kf7 29. Kf5 Re8 30. Nd5+ Kg8 31. Kg6 Rb2 32. Rxg7+ Kf8 33. Nxf6
Rd8 34. Rf7# 1-0

[Event "Challenge"]
[Site "http://www.queenalice.com/game.php?id=779284"]
[Date "2010.5.22"]
[Round "-"]
[White "jvellame"]
[Black "Serrote"]
[Result "1-0"]
[WhiteElo "1322"]
[BlackElo "1322"]

1. d4 Nf6 2. c4 e6 3. Nc3 Bb4 4. a3 Bxc3+ 5. bxc3 O-O 6. Bf4 d6 7. e3 c5 8. Bd3
b6 9. Qf3 d5 10. cxd5 Qxd5 11. Bc4 Qxf3 12. Nxf3 Nbd7 13. O-O Bb7 14. Ra2 Rac8
15. Rd2 cxd4 16. Rxd4 Bd5 17. Bxd5 Nxd5 18. c4 N5f6 19. Rfd1 Nc5 20. Be5 Nce4
21. Bxf6 Nxf6 22. e4 h6 23. e5 Nh7 24. Kf1 Rc7 25. Ke2 Ng5 26. Nd2 f5 27. exf6
Rxf6 28. h4 Nf7 29. Ne4 Rf5 30. c5 bxc5 31. Rd7 Rxd7 32. Rxd7 Rd5 33. Rxa7 c4
34. a4 Nd6 35. Nxd6 Rxd6 36. Rc7 Rd4 37. a5 Kh7 38. a6 c3 39. a7 Rd2+ 40. Ke3
Ra2 41. h5 c2 42. Kd2 e5 43. f3 1-0

[Event "Challenge"]
[Site "http://www.queenalice.com/game.php?id=783125"]
[Date "2010.5.30"]
[Round "-"]
[White "jvellame"]
[Black "julick"]
[Result "1-0"]
[WhiteElo "1404"]
[BlackElo "1298"]

1. e4 e5 2. Nf3 d6 3. Bc4 Nd7 4. d3 Ngf6 5. Nc3 c6 6. b3 b5 7. Bxf7+ Kxf7 8. Be3
h6 9. g4 Ke8 10. Rg1 g5 11. h4 h5 12. gxh5 gxh4 13. Bg5 Be7 14. h6 Nf8 15. Nxh4
N8h7 16. f4 Rg8 17. Qf3 Be6 18. O-O-O Bf7 19. Rdf1 Nh5 20. Bxe7 Qxe7 21. Rxg8+
Bxg8 22. Qxh5+ Qf7 23. Qg6 Qxg6 24. Nxg6 Bf7 25. Nh4 b4 26. Ne2 a5 27. Rg1 a4
28. Rg7 Nf8 29. h7 Nxh7 30. Rxh7 axb3 31. Rh8+ 1-0

[Event "AUTO-INT-1725"]
[Site "http://www.queenalice.com/game.php?id=788668"]
[Date "2010.6.11"]
[Round "1"]
[White "Aguinaldo"]
[Black "jvellame"]
[Result "0-1"]
[WhiteElo "1586"]
[BlackElo "1416"]

1. e4 e5 2. Nf3 Nc6 3. Bb5 Nf6 4. Bxc6 bxc6 5. d3 Bc5 6. Nxe5 d5 7. Nxc6 Qd6 8.
exd5 Nxd5 9. Qe2+ Kf8 10. Na5 Bb4+ 11. Bd2 Bxa5 12. Bxa5 Bb7 13. O-O Nf4 14. Qg4
h5 15. Qf5 Rh6 16. Qb5 Bxg2 17. Bb4 Rg6 18. Bxd6+ cxd6 19. f3 Nh3# 0-1

[Event "AUTO-INT-1725"]
[Site "http://www.queenalice.com/game.php?id=788669"]
[Date "2010.6.11"]
[Round "1"]
[White "jvellame"]
[Black "Aguinaldo"]
[Result "1-0"]
[WhiteElo "1439"]
[BlackElo "1559"]

1. e4 e5 2. Nf3 d6 3. Bc4 Bg4 4. O-O Qf6 5. d3 Bxf3 6. gxf3 Nd7 7. Nc3 Nb6 8.
Be3 Nxc4 9. dxc4 c6 10. Kh1 h6 11. Rg1 b6 12. a4 Ne7 13. a5 Rb8 14. axb6 axb6
15. b4 Nc8 16. b5 cxb5 17. Nd5 Qd8 18. cxb5 Be7 19. f4 O-O 20. f5 f6 21. Bxh6
Rf7 22. Qg4 Bf8 23. Ra3 Rbb7 24. Ra8 Kh7 25. f4 Ra7 26. Rb8 Qd7 27. Nxb6 Nxb6
28. Rxb6 exf4 29. Bxf4 d5 30. Qh4+ Kg8 31. Rxf6 Qxb5 32. Rh6 Rfe7 33. Rh8+ Kf7
34. Qh5+ Kf6 35. Qg6# 1-0

[Event "AUTO-INT-1725"]
[Site "http://www.queenalice.com/game.php?id=788684"]
[Date "2010.6.11"]
[Round "1"]
[White "jvellame"]
[Black "rootgauss"]
[Result "1-0"]
[WhiteElo "1366"]
[BlackElo "1467"]

1. e4 e5 2. Nf3 Nc6 3. Nc3 Bc5 4. Bc4 d6 5. d3 Nf6 6. O-O Be6 7. Bd2 Bxc4 8.
dxc4 Nd4 9. b4 Bxb4 10. Rb1 Nxf3+ 11. gxf3 Nh5 12. Rxb4 Nf4 13. Bxf4 exf4 14. e5
Qg5+ 15. Kh1 O-O-O 16. Qd5 Qf5 17. Qxb7+ 1-0

[Event "AUTO-INT-1725"]
[Site "http://www.queenalice.com/game.php?id=788685"]
[Date "2010.6.11"]
[Round "1"]
[White "rootgauss"]
[Black "jvellame"]
[Result "0-1"]
[WhiteElo "1447"]
[BlackElo "1386"]

1. e4 e5 2. Nf3 Nc6 3. Bc4 Nf6 4. d4 Nxd4 5. Nxd4 exd4 6. Qxd4 Bd6 7. e5 Qe7 8.
f4 Bc5 9. Qd3 d6 10. Qe2 Bg4 11. exf6 gxf6 12. Qxe7+ Kxe7 13. Nc3 Be6 14. Nd5+
Kd8 15. Bb3 f5 16. Be3 Bxd5 17. Bxd5 Bxe3 18. g3 Re8 19. Bxf7 Bd4+ 20. Kd1 Bxb2
21. Rb1 Re7 22. Bd5 Bc3 23. Rxb7 Kd7 24. Rb3 Re3 25. Bxa8 a5 26. Rf1 h5 27. Rf3
Re1# 0-1

[Event "AUTO-INT-1725"]
[Site "http://www.queenalice.com/game.php?id=788686"]
[Date "2010.6.11"]
[Round "1"]
[White "jvellame"]
[Black "Catamarca"]
[Result "0-1"]
[WhiteElo "1474"]
[BlackElo "1488"]

1. e4 d6 2. Nf3 Nf6 3. Nc3 Nbd7 4. Bc4 g6 5. d3 Bg7 6. Be3 O-O 7. Ng5 b6 8. f4
Bb7 9. e5 dxe5 10. O-O exf4 11. Bxf4 Nc5 12. Qe2 e6 13. Rae1 Nh5 14. Be5 Qxg5
15. Bxg7 Kxg7 16. Qe5+ Qxe5 17. Rxe5 f6 18. Rxc5 bxc5 19. g4 f5 20. gxh5 a6 21.
Bxe6 Rae8 22. Bc4 f4 23. Bd5 Bxd5 24. Nxd5 g5 25. Nxc7 Re2 26. Rf2 f3 27. Rxe2
fxe2 28. Ne6+ Kh6 29. Nxf8 e1=Q+ 0-1

[Event "AUTO-INT-1725"]
[Site "http://www.queenalice.com/game.php?id=788687"]
[Date "2010.6.11"]
[Round "1"]
[White "Catamarca"]
[Black "jvellame"]
[Result "1-0"]
[WhiteElo "1575"]
[BlackElo "1459"]

1. e4 e5 2. Bc4 Nc6 3. Nf3 Bc5 4. d3 d6 5. O-O Nh6 6. Bxh6 gxh6 7. Nc3 Rg8 8.
Qd2 Bh3 9. g3 Nd4 10. Nxd4 Bxd4 11. Qxh6 Bxf1 12. Qxh7 Rf8 13. Rxf1 Kd7 14. Bxf7
Qe7 15. Qf5+ Kc6 16. Bd5+ Kb6 17. Qg4 Qf6 18. Qe2 Rh8 19. Na4+ Ka5 20. b3 c6 21.
Qd2+ Ka6 22. c3 cxd5 23. cxd4 exd4 24. Qb4 b6 25. exd5 Rag8 26. Rc1 Rc8 27. Re1
Rc2 28. Rf1 Rf8 29. Qe1 b5 30. f4 bxa4 31. bxa4 Rxa2 32. Qb4 Rb8 33. Qxb8 Rxa4
34. Rb1 Rb4 35. Ra1+ 1-0

[Event "Challenge"]
[Site "http://www.queenalice.com/game.php?id=841053"]
[Date "2010.10.2"]
[Round "-"]
[White "jvellame"]
[Black "jfalstaff"]
[Result "0-1"]
[WhiteElo "1426"]
[BlackElo "1749"]

1. e4 e5 2. Nf3 Nc6 3. Bc4 Nf6 4. d3 h6 5. Nc3 d6 6. Be3 Bg4 7. Qd2 Na5 8. O-O-O
Nxc4 9. dxc4 c6 10. b4 Be7 11. h3 Be6 12. c5 dxc5 13. Bxc5 Bxc5 14. bxc5 Qa5 15.
Qe3 Nd7 16. Nb1 O-O-O 17. Nfd2 Bxa2 18. h4 Nxc5 19. Rh3 Bxb1 20. Nxb1 Rxd1+ 21.
Kxd1 Rd8+ 22. Kc1 Rd4 23. Qc3 Qb5 24. Nd2 Rxe4 25. Rh1 Ra4 26. Re1 f6 27. h5 Qa5
28. Qxa5 Rxa5 29. Kb2 Ra4 30. f3 Rd4 31. Re2 b5 32. Ne4 Nxe4 33. fxe4 a5 34. c3
Rd1 35. Kc2 Ra1 36. Kb3 Rb1+ 37. Kc2 Rh1 38. Kd3 Rxh5 39. c4 Rg5 40. cxb5 cxb5
41. Ke3 Rg3+ 42. Kf2 Rc3 0-1

[Event "Challenge"]
[Site "http://www.queenalice.com/game.php?id=841054"]
[Date "2010.10.2"]
[Round "-"]
[White "jvellame"]
[Black "wanderporto"]
[Result "1-0"]
[WhiteElo "1470"]
[BlackElo "1359"]

1. e4 Nc6 2. Nf3 e5 3. c3 Nf6 4. Qe2 Bc5 5. b4 Bd6 6. d4 exd4 7. Nxd4 Ne5 8. Bg5
h6 9. Be3 Nxe4 10. Nf5 Nxc3 11. Nxc3 Bxb4 12. Qd2 d5 13. Nxg7+ Kf8 14. Nh5 c6
15. Bxh6+ Ke8 16. Qd4 Qe7 17. Be2 Rxh6 18. O-O Bd7 19. Na4 c5 20. Qf4 Bxa4 21.
Ng7+ Kd7 22. Qxh6 1-0

[Event "Challenge"]
[Site "http://www.queenalice.com/game.php?id=841792"]
[Date "2010.10.4"]
[Round "-"]
[White "marcito"]
[Black "jvellame"]
[Result "1-0"]
[WhiteElo "1243"]
[BlackElo "1450"]

1. e4 Nf6 2. d3 Nc6 3. Nf3 e5 4. Be2 Bc5 5. h3 b6 6. a3 Ba6 7. d4 Bxd4 8. Bxa6
Nxe4 9. Nxd4 Nxd4 10. Bb7 Qh4 11. g3 Qf6 12. Bxe4 h5 13. Bxa8 1-0

[Event "AUTO-INT-1725"]
[Site "http://www.queenalice.com/game.php?id=850597"]
[Date "2010.10.25"]
[Round "2"]
[White "agsantos"]
[Black "jvellame"]
[Result "0-1"]
[WhiteElo "1766"]
[BlackElo "1501"]

1. e4 e5 2. Nf3 Nc6 3. Be2 Bc5 4. a3 d6 5. Nc3 Be6 6. Bb5 Nf6 7. O-O d5 8. exd5
Nxd5 9. Nxe5 Qg5 10. Nxc6 Bh3 11. Re1+ Be3 12. g3 Nxc3 13. Rxe3+ Qxe3 14. dxc3
Qc5 15. Nd4+ c6 16. Qe2+ Qe7 17. Qxe7+ Kxe7 18. Bd3 Rhe8 19. Bg5+ Kf8 20. Bxh7
g6 21. Bh6+ Ke7 22. Bxg6 fxg6 23. f3 Kf6 24. g4 c5 25. Nb3 g5 26. Kf2 Kg6 27.
Kg3 Rh8 28. Kxh3 Rxh6+ 29. Kg3 b6 30. Nd2 Rh7 31. b4 cxb4 32. cxb4 Rah8 33. Rh1
Rh3+ 34. Kg2 R3h7 35. Ne4 Rd8 36. c3 Rd3 37. Kg3 Re7 38. Re1 Rxc3 39. a4 Ra3 40.
a5 bxa5 41. bxa5 Rxa5 42. Rd1 Rae5 43. Rd4 a5 44. Nd6 R5e6 45. Nb5 Rf7 46. Ra4
Ra6 47. Nd4 Rd7 48. Nf5 Rd1 49. h4 gxh4+ 50. Nxh4+ Kf7 51. g5 Rb1 52. f4 Rb4 53.
Ra1 a4 54. Kg4 a3 55. Nf3 a2 56. Ne5+ Ke6 57. Ng6 Rb1 58. Rxa2 Rxa2 59. Nf8+ Kd5
60. f5 Ke4 61. Ne6 Rg2+ 62. Kh5 Kxf5 0-1

[Event "AUTO-INT-1725"]
[Site "http://www.queenalice.com/game.php?id=850598"]
[Date "2010.10.25"]
[Round "2"]
[White "jvellame"]
[Black "agsantos"]
[Result "0-1"]
[WhiteElo "1426"]
[BlackElo "1663"]

1. e4 e5 2. Nf3 d6 3. Bc4 Nf6 4. Nc3 Bg4 5. d4 Be7 6. dxe5 dxe5 7. h3 Qxd1+ 8.
Nxd1 Bxf3 9. gxf3 O-O 10. Ne3 Nc6 11. Nf5 g6 12. Nh6+ Kg7 13. h4 Nh5 14. Rg1 Nd4
15. Kd1 Nxf3 16. Rg3 Nxg3 17. fxg3 Rad8+ 18. Bd5 c6 19. g4 Nxh4 0-1

[Event "AUTO-INT-1725"]
[Site "http://www.queenalice.com/game.php?id=850601"]
[Date "2010.10.25"]
[Round "2"]
[White "Markan"]
[Black "jvellame"]
[Result "0-1"]
[WhiteElo "1616"]
[BlackElo "1411"]

1. e4 e5 2. Nf3 Nc6 3. Bb5 Nf6 4. Bxc6 dxc6 5. Nxe5 Nxe4 6. Qe2 Bf5 7. f3 Qh4+
8. g3 Nxg3 9. Ng6+ Nxe2+ 10. Nxh4 Nxc1 11. Nxf5 O-O-O 12. Nc3 Re8+ 13. Kd1 Re5
14. Nxg7 Bxg7 15. Kxc1 Rhe8 16. b3 Kd7 17. Kb2 Re2 18. d3 R8e3 19. Rad1 Bd4 20.
b4 Rxf3 21. Kb3 Bxc3 22. Kxc3 Rff2 23. Rc1 Rxh2 24. Rhg1 h5 25. Rge1 Rxe1 26.
Rxe1 h4 27. Rf1 Ke7 28. Rf5 h3 29. Rh5 Ke6 30. b5 cxb5 31. Rxb5 Rg2 32. Rh5 h2
33. a4 f5 0-1

[Event "AUTO-INT-1725"]
[Site "http://www.queenalice.com/game.php?id=850602"]
[Date "2010.10.25"]
[Round "2"]
[White "jvellame"]
[Black "Markan"]
[Result "0-1"]
[WhiteElo "1419"]
[BlackElo "1618"]

1. e4 e5 2. Nf3 d6 3. Nc3 Nf6 4. Bc4 Qe7 5. d3 Be6 6. Bg5 h6 7. Bh4 Bxc4 8. dxc4
g5 9. Bg3 c5 10. Nd5 Nxd5 11. cxd5 Bg7 12. h4 Na6 13. hxg5 hxg5 14. Rxh8+ Bxh8
15. Qd2 Bf6 16. O-O-O g4 17. Nh2 Bg5 18. f4 gxf3 19. Nxf3 Bxd2+ 0-1

[Event "AUTO-INT-1725"]
[Site "http://www.queenalice.com/game.php?id=850605"]
[Date "2010.10.25"]
[Round "2"]
[White "jvellame"]
[Black "Severynnas"]
[Result "1-0"]
[WhiteElo "1482"]
[BlackElo "1556"]

1. e4 Nc6 2. Nf3 d6 3. d4 Nf6 4. Nc3 Bg4 5. Bb5 a6 6. Ba4 b5 7. Bb3 e6 8. Bg5
Bh5 9. d5 exd5 10. Bxf6 Qxf6 11. Qxd5 Nd8 12. Qxa8 Bxf3 13. gxf3 c5 14. Bd5 b4
15. Bc6+ Ke7 16. Nd5+ Ke6 17. Nxf6 Be7 18. Nd7 g5 19. O-O-O f5 20. Rhe1 fxe4 21.
Rxe4+ Kf7 22. Bd5+ Kg7 23. Rxe7+ Kg6 24. Bf7+ Kh6 25. Qd5 a5 26. Rg1 a4 27.
Qxg5# 1-0

[Event "AUTO-INT-1725"]
[Site "http://www.queenalice.com/game.php?id=850606"]
[Date "2010.10.25"]
[Round "2"]
[White "Severynnas"]
[Black "jvellame"]
[Result "0-1"]
[WhiteElo "1570"]
[BlackElo "1435"]

1. e4 e5 2. Nf3 Nc6 3. Bb5 Bc5 4. O-O Nf6 5. d3 d6 6. Nc3 Nh5 7. Ba4 Bg4 8. h3
Bxf3 9. Qxf3 Qh4 10. Nd5 O-O 11. Nxc7 Nd4 12. Qd1 Rac8 13. Nd5 f5 14. Bd7 Rcd8
15. Ne7+ Kh8 16. Nxf5 Nxf5 17. Bxf5 g6 18. Bg4 Bxf2+ 19. Rxf2 Qxf2+ 20. Kh2 Nf4
21. Bxf4 Rxf4 22. c4 Rdf8 23. Qb3 h5 24. Bd1 h4 25. Qa4 Qg3+ 26. Kg1 Rf2 27. Qd7
Qxg2# 0-1